00676nam a2200169 a 4500003000200000005001700002008004100019050002600060100003200086245014400118260009000262300004000352504004100392650002900433650002600462650001800488020250210103743.0130129s19uu xx 00 eng d aPHS JC 495b.J96 2012 aJusayan, Jesse Jerard Datu. aComparison of Adolf Hitler and Ferdinand Marcos on the use of dictatorship and its impact to the constitution /cJesse Jerard Datu Jusayan. aLas Piñas City, Philippines :bSouthville International School and Colleges,c2012. a34 pages :billustrations ;c28 cm. aIncludes bibliographical references. aConstitutionsxAnalysis. aDictatorsxInfluence. aDictatorship.